000 00501cam a2200181ua 4500
020 _a81-224-0210-0
_c125.00
041 _aeng
_h
082 _a514
_bDES/EN
100 _aDesai, Ashok.V .
245 _aEnergy planning : Models, information systems, research and development /
_cV Ashok Desai.
_hTextual Documents
250 _a1 /
_b.
260 _aNew Delhi :
_bWiley Eastern Ltd ,
_c1990.
300 _a102 ; .
365 _a125.00
504 _a
942 _cBK
999 _c2210
_d2210